000 00645cam a22002293a 4500
001 18171
003 PGUSA
005 20140828083403.0
008 060414s2006||||xxu|||||s|||||000 1 eng d
040 _aPGUSA
_beng
042 _adc
050 4 _aPS
100 1 _aSheldon, Charles M.,
_d1857-1946
245 1 4 _aThe Crucifixion of Philip Strong
_h[electronic resource] /
_cCharles M. Sheldon
260 _bProject Gutenberg,
_c2006
506 _aPublic domain in the USA.
516 _aElectronic text
653 _aChristian fiction
830 0 _aProject Gutenberg
_v18171
856 4 0 _uhttp://www.gutenberg.org/ebooks/18171
942 _cEB
999 _c247426
_d247426